000 01411nam a2200277 i 4500
001 49523
003 ES-MaACL
005 20250622052908.0
007 t|
008 030717s1901 sp ||||1| spa d
080 _a321.15(460)"18"
100 1 _aCosta, Joaquín,
_d1846-1911
_941054
245 1 0 _aOligarquía y caciquismo como la forma actual de gobierno en España :
_burgencia y modo de cambiarla : memoria de Sección sometida a debate del Ateneo Científico y Literario de Madrid en marzo 1901 /
_cpor Joaquín Costa.
260 _aMadrid :
_b[s.n.],
_c1901 (
_fEstab. Tip. de Fortanet)
300 _a100 p. ;
_c24 cm.
505 8 _aContiene: Oligarquía y caciquismo: Su concepto: sus elementos componentes: estado social en que se engendra y que es consecuencia de ella: urgente necesidad de mudarla ; Oligarquía y caciquismo: Remedios orgánicos; Complemento coactivo; Régimen presidencial; Resumen de programa
530 _aDisponible en formato digital.
610 2 4 _aAteneo de Madrid-
_xInformación de 1901 sobre Oligarquía y caciquismo
_91927
650 7 _aOligarquía
_2embne
_9236390
650 7 _aCaciquismo
_2embne
_9226982
710 2 _aAteneo de Madrid.
_bSección de Ciencias Históricas
_91981
852 4 _aES-MaACL
_jR-3310
856 4 _uhttp://bdh-rd.bne.es/viewer.vm?id=0000247193&page=1
_zBiblioteca Digital Hispánica
942 _2udc
999 _c49523
_d49523